000 00561nam a2200229Ia 4500
003 OSt
005 20221005123815.0
006 a|||||r|||| 00| 0
007 ta
008 221004b |||||||| |||| 00| 0 kan d
024 _a61784
037 _cTextual
040 _aCRL
_cCRL
_bkan
041 _2kan
_akan
082 _aO33,3NRA2,1, J7
100 _aRanganath
_9225528
245 0 _aMalali manege
260 _c1957
650 _aKANNAD LITERATURE
942 _hO33,3NRA2,1, J7
_cTEXL
_2cc
999 _c1048540
_d1048540